000 01690cam a2200349 a 4500
001 35021
003 BD-RjUL
005 20211209052240.0
008 140520s1991 ii bs 001 0 eng
020 _a0803996829 (U.S.)
020 _a8170362253 (India)
035 _a(OCoLC)23141424
035 _a(BD-RjUL)35115
040 _aLC
_beng
_cLC
_dBD-RjUL
041 _aeng
082 0 0 _a305.42095492
_220
_bAHW 1991
100 1 _aAhmad, Alia.
_9103796
245 1 0 _aWomen and fertility in Bangladesh /
_cAlia Ahmad.
260 _aNew Delhi ;
_aNewbury Park :
_bSage Publications,
_cc1991.
300 _a184 p. ;
_c23 cm.
504 _aIncludes bibliographical references (p. [167]-178) and index.
505 0 0 _aMachine derived contents note: Introduction -- The Status of Women and Fertility Determination in Traditional Societies -- The Status of Women in Bangladesh -- The Role of Socio-Economic Structures and Policies in Determining the Status of Women in Bangladesh -- The Status of Women and the Value of Children -- The Status of Women, Uncertainty, and the Demand for Children -- The Socio-Economic Status of Women and the Costs of Fertility Regulation -- Conclusions and Policy Recommendations.
650 0 _aBirth control
_zBangladesh.
_953814
650 0 _aFertility, Human
_zBangladesh.
_953813
650 0 _aWomen
_zBangladesh
_xEconomic conditions.
_9106650
653 0 _aWomen
_aFertility
653 0 _aBangladesh
856 4 2 _3Publisher description
_uhttp://www.loc.gov/catdir/enhancements/fy0657/91006973-d.html
856 4 1 _3Table of contents only
_uhttp://www.loc.gov/catdir/enhancements/fy0657/91006973-t.html
942 _2ddc
_cBK
999 _c35021
_d35021